Niektoré osobitosti odbornej jazykovej prípravy diplomatov

Komunikácia v diplomacii. Jazyk diplomacie.

Salvato in:
Dettagli Bibliografici
Autore principale: Mruškovič, Jozef
Natura: Capitolo di libro
Lingua:slovacco
Soggetti:
Tags: Aggiungi Tag
Nessun Tag, puoi essere il primo ad aggiungerne!!

MARC

LEADER 00000nla a2200000 4500
001 0181720
005 20240502073122.0
041 0 |a slo 
044 |a SK 
245 1 0 |a Niektoré osobitosti odbornej jazykovej prípravy diplomatov  |c Jozef Mruškovič 
520 |a Komunikácia v diplomacii. Jazyk diplomacie. 
610 2 0 |a jazyk odborný 
610 2 0 |a jazyky cudzie 
610 2 0 |a diplomacia 
610 2 0 |a diplomati 
610 2 0 |a komunikácia 
100 1 |a Mruškovič, Jozef